Flexibilita v oblasti ľudských zdrojov
Flexibilita práce a flexibilita pracovnej sily. Funkčná flexibilita. Numerická alebo operatívna flexibilita. Finančná a štrukturálna flexibilita. Štruktúra zamestnancov vo flexibilnom podniku. Flexibilný pracovný režim.
Salvato in:
| Autore principale: | |
|---|---|
| Natura: | Capitolo di libro |
| Lingua: | slovacco |
| Soggetti: | |
| Tags: |
Nessun Tag, puoi essere il primo ad aggiungerne!!
|
MARC
| LEADER | 00000nla$a2200000$$$4500 | ||
|---|---|---|---|
| 001 | 0142839 | ||
| 005 | 20240502072548.1 | ||
| 041 | 0 | |a slo | |
| 044 | |a SK | ||
| 245 | 1 | 0 | |a Flexibilita v oblasti ľudských zdrojov |c Oľga Nachtmannová |
| 520 | |a Flexibilita práce a flexibilita pracovnej sily. Funkčná flexibilita. Numerická alebo operatívna flexibilita. Finančná a štrukturálna flexibilita. Štruktúra zamestnancov vo flexibilnom podniku. Flexibilný pracovný režim. | ||
| 610 | 2 | 0 | |a zdroje ľudské |
| 610 | 2 | 0 | |a pracovníci |
| 610 | 2 | 0 | |a práca |
| 610 | 2 | 0 | |a flexibilita |
| 610 | 2 | 0 | |a vzdelávanie celoživotné |
| 610 | 2 | 0 | |a vedomosti |
| 610 | 2 | 0 | |a schopnosti pracovné |
| 610 | 2 | 0 | |a lízing personálny |
| 100 | 1 | |a Nachtmannová, Oľga, 1963- | |